Tinh thể học đại cương

Na minha lista:
Detalhes bibliográficos
Autor principal: Quan Hán Khang
Formato: Livro
Idioma:Undetermined
Publicado em: Hà Nội ĐH và THCN 1979
Assuntos:
Tags: Adicionar Tag
Sem tags, seja o primeiro a adicionar uma tag!
Thư viện lưu trữ: Trung tâm Học liệu Trường Đại học Cần Thơ
LEADER 00484nam a2200181Ia 4500
001 CTU_2912
008 210402s9999 xx 000 0 und d
082 |a 548 
082 |b Kh106 
100 |a Quan Hán Khang 
245 0 |a Tinh thể học đại cương 
245 0 |c Quan Hán Khang 
260 |a Hà Nội 
260 |b ĐH và THCN 
260 |c 1979 
650 |a crystallography 
904 |i Minh, 960830 
980 |a Trung tâm Học liệu Trường Đại học Cần Thơ